Values & other stories/ (Record no. 22566)

MARC details
000 -LEADER
fixed length control field 00821nam a22002297a 4500
008 - FIXED-LENGTH DATA ELEMENTS--GENERAL INFORMATION
fixed length control field 090129t xxu||||| |||| 00| 0 eng d
010 ## - LCCN (DPL NO)
LC control number ENG-92664
020 ## - INTERNATIONAL STANDARD BOOK NUMBER
Terms of availability 150.00
035 ## - SYSTEM CONTROL NUMBER
System control number EN-76197
037 ## - SOURCE OF ACQUISITION
Source of stock number/acquisition DBAD / PUB
040 ## - CATALOGING SOURCE
Original cataloging agency dpl
Language of cataloging English
082 ## - DEWEY DECIMAL CLASSIFICATION NUMBER
Classification number S
100 ## - MAIN ENTRY--PERSONAL NAME
Personal name Sastry, Rachakonda Viswanatha
245 ## - TITLE STATEMENT
Title Values & other stories/
Statement of responsibility, etc by Rachakonda Viswanatha Sastry; edited by V. Mohan Prasad
260 ## - PUBLICATION, DISTRIBUTION, ETC. (IMPRINT)
Place of publication, distribution, etc Kuppam
Name of publisher, distributor, etc Dravidian University
Date of publication, distribution, etc 2007
300 ## - PHYSICAL DESCRIPTION
Extent xviii, 253p.
Dimensions 22cm (pbk)
500 ## - GENERAL NOTE
General note In translation from Telugu
650 ## - SUBJECT ADDED ENTRY--TOPICAL TERM
Topical term or geographic name as entry element Telugu fiction
General subdivision Translation from English.
700 ## - ADDED ENTRY--PERSONAL NAME
Personal name Prasad, V. Mohan
942 ## - ADDED ENTRY ELEMENTS (KOHA)
Source of classification or shelving scheme Dewey Decimal Classification
Item type English Books
Call number suffix SAS
Classification part S
Holdings
Withdrawn status Lost status Source of classification or shelving scheme Damaged status Not for loan Collection code Home library Current library Date acquired Source of acquisition Cost, normal purchase price Total Checkouts Full call number Barcode Date last seen Copy number Cost, replacement price Koha item type
    Dewey Decimal Classification   Not For Loan Non-fiction D.B.Act.Division D.B.Act.Division 29/01/2009 DBAD / PUB 150.00   S SAS EN-76197 29/01/2009 1 150.00 English Books

© Delhi Public Library
Hit Counter
free hit counter